Massinhas (Registo nº 6085)
[ vista simples ]
| 000 -Etiqueta do registo | |
|---|---|
| Valores | 00766cam a2200265 04500 |
| 010 ## - Número ISBN | |
| ISBN | 9722111884 |
| 021 ## - Número do Depósito Legal | |
| Número | 123964/98 |
| 100 ## - Dados gerais de processamento | |
| Dados gerais | 19990505d1998 m- y0pory5003 ba |
| 200 1# - Titulo e menção de responsabilidade | |
| Título próprio | Massinhas |
| Primeira menção de responsabilidade | texto de Violet McKee |
| Outras menções de responsabilidade | il. David McKee |
| -- | trad. José Oliveira |
| 210 #9 - Publicação | |
| Local de publicação | Lisboa |
| Nome do editor | Caminho |
| Data de publicação | 1998 |
| 215 ## - Descrição física | |
| Paginação / Volumes | [27] p. |
| Outras indicações físicas | il. |
| Dimensões | 24 cm |
| 225 2# - Colecção | |
| Título próprio da colecção | Livros do arco-íris |
| 304 ## - Nota relativa ao título | |
| Texto de nota | T�it. orig.: Macaroni |
| 606 ## - Nome comum usado como assunto | |
| ID Autoridade | 14 |
| Palavra de ordem | Literatura infantil |
| 606 ## - Nome comum usado como assunto | |
| ID Autoridade | 13 |
| Palavra de ordem | Literatura Estrangeira |
| 675 ## - CDU | |
| Notação | 82-93 |
| Edição | BN |
| Língua | por |
| 675 ## - CDU | |
| Notação | 821.1/.8 |
| Edição | BN |
| Língua | por |
| 700 ## - Autor principal (pessoa individual) | |
| Apelido | McKee |
| Nome | Violet |
| ID Autoridade | 5794 |
| 702 ## - Autor secundário (pessoa individual) | |
| Apelido | McKee |
| Nome | David |
| Datas | 1935- |
| ID Autoridade | 5142 |
| 702 ## - Autor secundário (pessoa individual) | |
| ID Autoridade | 3337 |
| Apelido | Oliveira |
| Nome | José |
| 801 #0 - Fonte de origem | |
| País | PT |
| Agência | BMVN |
| Regras de catalogação | RPC |
| 830 ## - Notas gerais do catalogador | |
| Criado por | Ana Caetano |
| Data de criação | 31/12/2021 |
| 990 ## - Elementos KOHA | |
| Tipo de documento | Livro |
| Situação do levantamento | Biblioteca de origem | Código de barras | Cota | Permissão de empréstimo | Tipo de documento | Forma de aquisição |
|---|---|---|---|---|---|---|
| Biblioteca Municipal de Vendas Novas | 100000023454 | LI EST/MCK | Livro |